| 000 | 00549nam a22001937a 4500 | ||
|---|---|---|---|
| 003 | OSt | ||
| 005 | 20260423063532.0 | ||
| 008 | 260423b |||||||| |||| 00| 0 eng d | ||
| 020 | _a1-4190-0383-6 | ||
| 040 |
_aDWC-Main lib. _cOC |
||
| 082 | _aRes. 516 H257 2006 | ||
| 100 | _aHARCOURT ACHIEVE | ||
| 245 |
_aGeometry : _bteacher's guide/ _cHARCOURT ACHIEVE |
||
| 260 |
_aAustin, Texas : _bHarcourt Achieve, _cc2006. |
||
| 300 |
_aix, 48 p. ; _c28 cm. |
||
| 490 | _aTop Line Math | ||
| 650 | _a1. Geometry. | ||
| 942 |
_2ddc _cBK-CIRC _hCirc. _n0 |
||
| 999 |
_c9800 _d9800 |
||